00922nam a2200229 a 4500001001000000003000500010005001700015008004100032010001100073011001100084040000900095100002700104245015800131260004100289500006000330502011200390650003200502650002500534650002500559650003800584856007000622000109535CHAP20220329144054.0140508s2014 mx a sm |||||||spa d a105997 a106969 cCHAP1 aFlores Cossío, Jaime10aLabranza de conservación en maíz adopción de un sistema sustentable de producción en el Sur de Veracruzh[En línea]cpor Jaime Flores Cossío. aChapingo, Méx. :bEl autor,c2014. aPara ver el contenido del material haga clic en la liga aTesis (Ing. Agr. Esp. en Suelos) -- UACH. Departamento de Enseñanza, Investigación y Servicio en Suelos14aLabranza de conservación.14aMaízxRendimiento.14aSistemas de cultivo.14aSuelosxConservaciónxVeracruz. aFinding aiduhttp://10.13.5.2/tesis/sist109535.pdfzTeclea aquí